[Event "Vellmar Int 4th op  A"]
[Site "Vellmar"]
[Date "2012.07.28"]
[Round "4.7"]
[White "Kobs, Stephan"]
[Black "Cherny, Andrey"]
[Result "1-0"]
[WhiteElo "2035"]
[BlackElo "2253"]
[PlyCount "85"]
[EventDate "2012.07.26"]
[EventType "swiss"]
[EventRounds "7"]
[EventCountry "GER"]

{DWZ: 1898 - 2220} 1. e4 c5 2. Nf3 e6 3. d3 Nc6 4. g3 d5 5. Nbd2 Nf6 6. Bg2 Be7
7. O-O Qc7 8. Re1 O-O 9. c3 a6 10. e5 Nd7 11. Qe2 b5 12. Nf1 Bb7 13. h4 Nb6 14.
Bf4 d4 15. Ng5 Bxg5 16. hxg5 dxc3 17. bxc3 Ne7 18. Qh5 Bxg2 19. Kxg2 Qc6+ 20.
f3 Ng6 21. Nh2 Rfd8 22. Rad1 Rd5 23. Ng4 Rad8 24. Rh1 Rxd3 25. Qxh7+ Kf8 26.
Rdf1 Nd5 27. Bc1 Nxc3 28. Nf6 gxf6 29. gxf6 Rd2+ 30. Bxd2 Rxd2+ 31. Rf2 Rxf2+
32. Kxf2 Ke8 33. Qg8+ Kd7 34. Qxf7+ Kc8 35. Qxg6 Qd5 36. Qc2 Qxe5 37. f7 Qd4+
38. Kg2 Nd5 39. f8=Q+ Kb7 40. Rh7+ Kc6 41. Qc8+ Kb6 42. Rb7+ Ka5 43. Qd8+ 1-0

[Event "Vellmar Int 4th op  A"]
[Site "Vellmar"]
[Date "2012.07.28"]
[Round "4.8"]
[White "Hoffmann, Lukas"]
[Black "Von Kiedrowski, Klemens"]
[Result "1/2-1/2"]
[WhiteElo "2173"]
[BlackElo "2076"]
[PlyCount "84"]
[EventDate "2012.07.26"]
[EventType "swiss"]
[EventRounds "7"]
[EventCountry "GER"]

{DWZ: 2181 - 1935} 1. Nf3 c5 2. c4 e6 3. g3 d5 4. Bg2 Nc6 5. O-O Nf6 6. d4 dxc4
7. Qa4 Bd7 8. Qxc4 b5 9. Qc3 Rc8 10. Bg5 c4 11. a4 a6 12. axb5 axb5 13. Ne5 Be7
14. Nxc6 Bxc6 15. Bxc6+ Rxc6 16. Qa5 Qb8 17. Bf4 Bd6 18. Qa8 Rc8 19. Qxb8 Bxb8
20. Ra5 Bxf4 21. gxf4 Rb8 22. e3 Ne4 23. Nc3 Nd6 24. Rfa1 O-O 25. Ra6 Nf5 26.
b4 cxb3 27. Rb1 b4 28. Ne4 Rfc8 29. Nc5 Ne7 30. Rxb3 Nd5 31. Ra7 g6 32. Kg2 Rb6
33. Kf3 Rc7 34. Ra4 Rb5 35. e4 Ne7 36. Raxb4 Rxb4 37. Rxb4 Nc6 38. Na6 Ra7 39.
Rb6 Nxd4+ 40. Ke3 Nc2+ 41. Kd3 Rxa6 42. Rb8+ Kg7 1/2-1/2

[Event "Vellmar Int 4th op  A"]
[Site "Vellmar"]
[Date "2012.07.28"]
[Round "4.9"]
[White "Berthold, Andreas"]
[Black "Hecht, Carsten"]
[Result "1-0"]
[WhiteElo "2150"]
[BlackElo "2050"]
[PlyCount "85"]
[EventDate "2012.07.26"]
[EventType "swiss"]
[EventRounds "7"]
[EventCountry "GER"]

{DWZ: 2085 - 2048(geb.1997)} 1. d4 Nf6 2. c4 g6 3. g3 d5 4. Bg2 Bg7 5. Nf3 O-O
6. cxd5 Nxd5 7. O-O Nc6 8. e4 Nb6 9. d5 Na5 10. Nc3 c6 11. Nh4 Bd7 12. Qe2 cxd5
13. exd5 h6 14. Rd1 Nac4 15. Nf3 Bg4 16. h3 Bxf3 17. Qxf3 Rc8 18. a4 Nd6 19.
Ra2 Qd7 20. a5 Nbc4 21. a6 b6 22. Ne2 Nb5 23. Nf4 Rc7 24. h4 Rfc8 25. Bh3 Ne5
26. Qe2 f5 27. Be3 Rc2 28. Qf1 Nc4 29. Nxg6 Kh7 30. h5 Nbd6 31. Re1 Ne4 32. Nh4
Ncd6 33. Qd3 e6 34. dxe6 Qxe6 35. Ra4 R8c4 36. Rxc4 Rxc4 37. Bxb6 axb6 38. a7
Ra4 39. Bxf5+ Nxf5 40. Rxe4 Ra1+ 41. Kh2 Qc6 42. Nxf5 Qc1 43. Kh3 1-0

[Event "Vellmar Int 4th op  A"]
[Site "Vellmar"]
[Date "2012.07.28"]
[Round "4.10"]
[White "Keil, Roland"]
[Black "Halt, David"]
[Result "1/2-1/2"]
[WhiteElo "2024"]
[BlackElo "2109"]
[PlyCount "104"]
[EventDate "2012.07.26"]
[EventType "swiss"]
[EventRounds "7"]
[EventCountry "GER"]

{DWZ: 1950 - 2086} 1. e4 e5 2. Nc3 Bc5 3. Bc4 Nc6 4. d3 h6 5. f4 d6 6. Nf3 a6
7. f5 Na5 8. a4 Nxc4 9. dxc4 Nf6 10. Qd3 b6 11. Bd2 Bb7 12. Nd5 Ng4 13. Rf1 c6
14. Ne3 Nxe3 15. Bxe3 Bxe3 16. Qxe3 Qc7 17. O-O-O O-O-O 18. Rd2 Rd7 19. Rfd1 f6
20. g4 Rhd8 21. Qb3 Kb8 22. h4 Ka7 23. g5 hxg5 24. hxg5 b5 25. Qe3+ Ka8 26. c5
d5 27. gxf6 gxf6 28. Rd3 Qa5 29. Qh6 Qxa4 30. Kb1 Rf7 31. Qe3 Rh8 32. Nd2 Qa5
33. Rg1 b4 34. Nb3 Qb5 35. Qe1 a5 36. Nxa5 Qxc5 37. Nxb7 Rxb7 38. exd5 cxd5 39.
Rb3 Rh2 40. Qd1 d4 41. Rg6 Rc7 42. c3 dxc3 43. bxc3 Qc4 44. Rg4 e4 45. Qd8+ Ka7
46. Qd4+ Ka6 47. Qxc4+ Rxc4 48. Rxb4 Rxb4+ 49. cxb4 e3 50. Re4 e2 51. Kc1 Rf2
52. Kd2 Rxf5 1/2-1/2

[Event "Vellmar Int 4th op  A"]
[Site "Vellmar"]
[Date "2012.07.28"]
[Round "4.11"]
[White "Roehl, Rainer"]
[Black "Schnegelsberg, Karl Heinz"]
[Result "0-1"]
[WhiteElo "2148"]
[BlackElo "2042"]
[PlyCount "57"]
[EventDate "2012.07.26"]
[EventType "swiss"]
[EventRounds "7"]
[EventCountry "GER"]

{DWZ: 2090 - 1941} 1. d4 Nf6 2. Nf3 g6 3. Nc3 d5 4. Bf4 Bg7 5. Ne5 O-O 6. Qd2
c5 7. e3 b6 8. Be2 Bb7 9. g4 Nfd7 10. Bf3 Nxe5 11. Bxe5 Bxe5 12. dxe5 e6 13.
Bg2 Qh4 14. O-O-O Nc6 15. f4 Na5 16. g5 Nc4 17. Qe1 Qxe1 18. Rdxe1 Rab8 19. Nd1
b5 20. Nf2 d4 21. Bxb7 dxe3 22. Ng4 Rxb7 23. Nf6+ Kg7 24. b3 Rfb8 25. h4 a5 26.
h5 a4 27. hxg6 Kxg6 28. bxc4 bxc4 $18 {#} 29. c3 $4 0-1

[Event "Vellmar Int 4th op  A"]
[Site "Vellmar"]
[Date "2012.07.28"]
[Round "4.12"]
[White "Stabernack, Joschi"]
[Black "Rieke, Theo"]
[Result "1/2-1/2"]
[WhiteElo "1928"]
[BlackElo "2140"]
[PlyCount "40"]
[EventDate "2012.07.26"]
[EventType "swiss"]
[EventRounds "7"]
[EventCountry "GER"]

{DWZ: 1859(geb.1995) - 2042} 1. e4 g6 2. d4 d6 3. Nc3 Bg7 4. Bc4 a6 5. a4 e6 6.
Nf3 Ne7 7. O-O b6 8. Re1 Nd7 9. Be3 Bb7 10. Qd2 h6 11. Qe2 O-O 12. h4 Nf6 13.
e5 Nfd5 14. Bd2 Nxc3 15. Bxc3 Bxf3 16. Qxf3 d5 17. Bd3 c5 18. b3 Nc6 19. Qf4
Qc7 20. Qe3 cxd4 1/2-1/2

[Event "Vellmar Int 4th op  A"]
[Site "Vellmar"]
[Date "2012.07.28"]
[Round "4.13"]
[White "Khudovekov, Stanislav"]
[Black "Hagenlueke, Thomas"]
[Result "1/2-1/2"]
[WhiteElo "2107"]
[BlackElo "2023"]
[PlyCount "40"]
[EventDate "2012.07.26"]
[EventType "swiss"]
[EventRounds "7"]
[EventCountry "GER"]

{DWZ: -(RUS) - 1858} 1. c4 e5 2. g3 Nf6 3. Bg2 d5 4. cxd5 Nxd5 5. Nc3 Nb6 6.
Nf3 Nc6 7. O-O Be7 8. a3 Be6 9. b4 O-O 10. d3 f6 11. Bb2 a5 12. b5 Nd4 13. Nxd4
exd4 14. Na4 Bd5 15. Nxb6 cxb6 16. Qa4 Bxg2 17. Kxg2 Qd5+ 18. Kg1 Bc5 19. Qc4
Rad8 20. Qxd5+ Rxd5 1/2-1/2

[Event "Vellmar Int 4th op  A"]
[Site "Vellmar"]
[Date "2012.07.28"]
[Round "4.15"]
[White "Haselhorst, Helmut"]
[Black "Lechnauer, Uwe"]
[Result "1-0"]
[WhiteElo "2089"]
[BlackElo "1939"]
[PlyCount "45"]
[EventDate "2012.07.26"]
[EventType "swiss"]
[EventRounds "7"]
[EventCountry "GER"]

{DWZ: 1945(geb.1948) - 1839} 1. d4 d5 2. Nf3 e6 3. g3 f5 4. Bg2 Nf6 5. O-O Bd6
6. Nbd2 Ne4 7. Ne5 Nd7 8. Nd3 Ndf6 9. Nf3 c5 10. dxc5 Nxc5 11. Nxc5 Bxc5 12. c4
O-O 13. cxd5 Qb6 14. Ne5 Ne4 15. Nd3 exd5 16. Nxc5 Qxc5 17. Be3 Qc6 18. Rc1 Qe6
19. Rc7 Rd8 20. Qd4 Rd7 21. Rfc1 Rxc7 22. Rxc7 b6 23. Qxg7# 1-0

[Event "Vellmar Int 4th op  A"]
[Site "Vellmar"]
[Date "2012.07.28"]
[Round "4.16"]
[White "Blank, Stefan"]
[Black "Feicht, Arno"]
[Result "1-0"]
[WhiteElo "1903"]
[BlackElo "2073"]
[PlyCount "65"]
[EventDate "2012.07.26"]
[EventType "swiss"]
[EventRounds "7"]
[EventCountry "GER"]

{DWZ: 1762 - 1932(geb.1949)} 1. e4 e6 2. d3 c5 3. Nf3 Nc6 4. g3 g6 5. Bg2 Bg7
6. O-O Nge7 7. c3 e5 8. a3 a5 9. a4 d6 10. Na3 O-O 11. h3 h6 12. Nh2 Be6 13.
Ng4 Kh7 14. Qd2 Ng8 15. Ne3 g5 16. Nb5 Nge7 17. f4 gxf4 18. gxf4 exf4 19. Rxf4
Ng6 20. Rf3 Nce5 21. Rg3 Qh4 22. Kh2 Nf4 23. Nxd6 Neg6 24. Nef5 Qf6 25. Nxg7
Kxg7 26. Qxf4 Qxf4 27. Bxf4 Kf6 28. Bxh6 Rh8 29. Bg5+ Ke5 30. Nxb7 Rab8 31. d4+
cxd4 32. cxd4+ Kxd4 33. Bf6+ 1-0

[Event "Vellmar Int 4th op  A"]
[Site "Vellmar"]
[Date "2012.07.28"]
[Round "4.17"]
[White "Schaefer, Annabelle"]
[Black "Orwatsch, Gerhard"]
[Result "0-1"]
[WhiteElo "1860"]
[BlackElo "2072"]
[PlyCount "78"]
[EventDate "2012.07.26"]
[EventType "swiss"]
[EventRounds "7"]
[EventCountry "GER"]

{DWZ: 1850(geb.1997) - 1977(geb.1946)} 1. e4 e5 2. Nf3 Nc6 3. Bc4 Be7 4. c3 Nf6
5. d3 O-O 6. Bb3 d6 7. Nbd2 Ne8 8. h3 Na5 9. Bc2 c5 10. g4 Nc7 11. Nf1 Nc6 12.
Ng3 Re8 13. Nf5 Bf8 14. Be3 d5 15. Qe2 d4 16. Bg5 f6 17. Bd2 Kh8 18. cxd4 exd4
19. Bb3 Be6 20. Bxe6 Nxe6 21. h4 Ne7 22. b3 {(=)} Ng6 23. g5 Ngf4 24. Bxf4 Nxf4
25. Qd2 Nh5 26. gxf6 Qxf6 27. Qg5 g6 28. Qxf6+ Nxf6 29. Ng3 Bd6 30. O-O-O Ng4
31. Ng5 Bf4+ 32. Kc2 Bxg5 33. hxg5 Nxf2 34. Rd2 Nxh1 35. Nxh1 Re5 36. Rg2 Rf8
37. Nf2 Kg7 38. Kd1 Rxf2 39. Rxf2 Rxg5 0-1

[Event "Vellmar Int 4th op  A"]
[Site "Vellmar"]
[Date "2012.07.28"]
[Round "4.18"]
[White "Scholz, Robert"]
[Black "Giese, Tilman"]
[Result "1-0"]
[WhiteElo "1856"]
[BlackElo "2067"]
[PlyCount "67"]
[EventDate "2012.07.26"]
[EventType "swiss"]
[EventRounds "7"]
[EventCountry "GER"]

{DWZ: 1819(geb.1999) - 1987} 1. e4 g6 2. d4 Bg7 3. Nc3 d6 4. Be3 a6 5. Qd2 Nd7
6. f4 e6 7. Nf3 Ne7 8. Be2 b6 9. O-O-O Bb7 10. Rhf1 h6 11. g4 Nf6 12. f5 Nxg4
13. fxe6 fxe6 14. Ng5 Nxe3 15. Nxe6 Nxf1 16. Rxf1 Qd7 17. Nxg7+ Kd8 18. Qf4 Nd5
19. Nxd5 Qxg7 20. Nxb6 cxb6 21. Qxd6+ Ke8 22. Qe6+ Qe7 23. Qxg6+ Kd8 24. Qxb6+
Kc8 25. Bg4+ Kb8 26. Be6 Ra7 27. Rf7 Qg5+ 28. Kd1 Qg1+ 29. Ke2 Qxh2+ 30. Kd1
Qh1+ 31. Kd2 Qxe4 32. Qd6+ Ka8 33. Rf8+ Bc8 34. Bd5+ 1-0

[Event "Vellmar Int 4th op  A"]
[Site "Vellmar"]
[Date "2012.07.28"]
[Round "4.19"]
[White "Brueckmann, Gerd"]
[Black "Humburg, Philipp"]
[Result "1/2-1/2"]
[WhiteElo "2048"]
[BlackElo "1839"]
[PlyCount "98"]
[EventDate "2012.07.26"]
[EventType "swiss"]
[EventRounds "7"]
[EventCountry "GER"]

{DWZ: 1858 - 1841(geb.1996)} 1. d4 Nf6 2. c4 g6 3. Nf3 Bg7 4. Nc3 O-O 5. g3 d6
6. Bg2 Nc6 7. O-O a6 8. Qd3 Bf5 9. e4 Nb4 10. Qe2 Bg4 11. h3 Bxf3 12. Bxf3 Nc6
13. Qd3 e5 14. Ne2 exd4 15. Nxd4 Ne5 16. Qc2 Nxf3+ 17. Nxf3 Re8 18. Re1 Qd7 19.
Kg2 Qe7 20. e5 dxe5 21. Rxe5 Qd7 22. Be3 Rxe5 23. Nxe5 Qe6 24. Nf3 Qc6 25. Rd1
Re8 26. Qd3 h5 27. Bf4 h4 28. Kh2 hxg3+ 29. fxg3 {(=)} Qb6 30. Qc2 Nh5 31. Bc1
Qe6 32. Re1 Qc6 33. Rxe8+ Qxe8 34. Qd3 Bf6 35. b3 Be5 36. Nxe5 Qxe5 37. Qe3 Qf5
38. g4 Qc2+ 39. Qd2 Qxd2+ 40. Bxd2 Nf6 41. Bf4 c6 42. Kg2 Ne4 43. Kf3 Nc3 44.
a3 b5 45. Bc1 bxc4 {(=)} 46. bxc4 Kf8 47. Ke3 Ke7 48. Kd3 Nd1 49. Ke2 Nc3+
1/2-1/2

[Event "Vellmar Int 4th op  A"]
[Site "Vellmar"]
[Date "2012.07.28"]
[Round "4.20"]
[White "Klueting, Reiner"]
[Black "Reimers, Juri"]
[Result "1/2-1/2"]
[WhiteElo "2005"]
[BlackElo "1720"]
[PlyCount "25"]
[EventDate "2012.07.26"]
[EventType "swiss"]
[EventRounds "7"]
[EventCountry "GER"]

{DWZ: 1906 - 1753(geb.1999)} 1. e4 g6 2. d4 Bg7 3. Nc3 c5 4. Nf3 cxd4 5. Nxd4
Nc6 6. Nb3 Nf6 7. Be2 O-O 8. O-O d6 9. Be3 Rb8 10. f3 b6 11. Qd2 Re8 12. Rfd1
Bb7 13. Rab1 1/2-1/2

[Event "Vellmar Int 4th op  A"]
[Site "Vellmar"]
[Date "2012.07.28"]
[Round "4.21"]
[White "Mueller, Joachim"]
[Black "Businger, Paul"]
[Result "0-1"]
[WhiteElo "1956"]
[BlackElo "2074"]
[PlyCount "70"]
[EventDate "2012.07.26"]
[EventType "swiss"]
[EventRounds "7"]
[EventCountry "GER"]

{DWZ: 1674 - -(SUI)} 1. d4 Nf6 2. c4 g6 3. Nc3 Bg7 4. e4 d6 5. f3 O-O 6. Be3 c6
7. Qd2 Nbd7 8. g4 e5 9. d5 cxd5 10. cxd5 a6 11. h4 b5 12. h5 Nc5 13. Be2 b4 14.
Nd1 Qa5 15. Bc4 Bd7 16. b3 Bb5 17. Rc1 Bxc4 18. Rxc4 Rac8 19. Bg5 Rc7 20. Ne3
Rfc8 21. Ne2 Qb5 22. Ng3 a5 23. Ngf5 gxf5 24. Nxf5 Ncxe4 25. fxe4 Rxc4 26. bxc4
Qxc4 27. Ne7+ Kf8 28. Nxc8 Qxe4+ 29. Be3 Qxh1+ 30. Ke2 Nxd5 31. Nxd6 Nc3+ 32.
Kd3 Qd5+ 33. Kc2 Qxa2+ 34. Kd3 e4+ 35. Nxe4 Qd5+ 0-1

[Event "Vellmar Int 4th op  A"]
[Site "Vellmar"]
[Date "2012.07.28"]
[Round "4.22"]
[White "Heckmann, Torsten"]
[Black "Cotenescu, Daniel"]
[Result "1-0"]
[WhiteElo "1929"]
[BlackElo "2017"]
[PlyCount "85"]
[EventDate "2012.07.26"]
[EventType "swiss"]
[EventRounds "7"]
[EventCountry "GER"]

{DWZ: 1702 - 1829(geb.1940)} 1. Nf3 Nf6 2. b3 b6 3. Bb2 e6 4. e3 Bb7 5. Be2 c5
6. O-O Be7 7. c4 O-O 8. Nc3 Nc6 9. Rc1 d5 10. d4 a6 11. dxc5 bxc5 12. Na4 Ne4
13. Nd2 Nxd2 14. Qxd2 d4 15. Rfd1 e5 16. Bd3 f5 17. Bb1 Rc8 18. Qe2 Qc7 19.
exd4 cxd4 20. c5 Bg5 21. Rc4 a5 22. Qh5 Qe7 23. Nb6 Rcd8 24. Bc1 Bxc1 25. Rcxc1
Rf6 26. Rd3 g6 27. Rg3 Qg7 28. Qe2 e4 29. Qb5 d3 30. Bxd3 exd3 31. Rxd3 Rff8
32. Rdd1 Kh8 33. Re1 Rd2 34. a3 Qb2 35. Nc4 Qa2 36. Nxd2 Qxd2 37. Rcd1 Qc3 38.
Qxb7 Nd4 39. Re7 Nxb3 40. Rxh7+ Kg8 41. Rh3 Rf7 42. Qa8+ Rf8 43. Qd5+ 1-0

[Event "Vellmar Int 4th op  A"]
[Site "Vellmar"]
[Date "2012.07.28"]
[Round "4.23"]
[White "Kaplunov, Vadym"]
[Black "Lenz, Jonas"]
[Result "1/2-1/2"]
[WhiteElo "1985"]
[BlackElo "1952"]
[PlyCount "44"]
[EventDate "2012.07.26"]
[EventType "swiss"]
[EventRounds "7"]
[EventCountry "GER"]

{DWZ: 1936(geb.1936) - 1825(geb.1995)} 1. d4 Nf6 2. c4 c5 3. d5 e6 4. Nc3 exd5
5. cxd5 d6 6. e4 g6 7. Be2 Bg7 8. Nf3 a6 9. a4 Bg4 10. Nd2 Bxe2 11. Qxe2 Nfd7
12. O-O O-O 13. a5 Re8 14. f3 b5 15. axb6 Nxb6 16. Kh1 Qc8 17. Nc4 Nxc4 18.
Qxc4 Nd7 19. f4 Qb7 20. Qd3 Qb3 21. Ra3 Qb4 22. Ra4 Qb3 1/2-1/2

[Event "Vellmar Int 4th op  A"]
[Site "Vellmar"]
[Date "2012.07.28"]
[Round "4.24"]
[White "Weber, Andreas"]
[Black "Van Dyck, Marc"]
[Result "1/2-1/2"]
[WhiteElo "1881"]
[BlackElo "1983"]
[PlyCount "57"]
[EventDate "2012.07.26"]
[EventType "swiss"]
[EventRounds "7"]
[EventCountry "GER"]

{DWZ: 1714 - -(BEL)} 1. e4 c5 2. d4 cxd4 3. c3 dxc3 4. Nxc3 e6 5. Nf3 a6 6. Bc4
Ne7 7. Bg5 f6 8. Be3 Ng6 9. O-O Nc6 10. Nd5 exd5 11. exd5 Nce5 12. Nxe5 Nxe5
13. Re1 d6 14. f4 Bg4 15. Qb3 b5 16. Bf1 Be7 17. fxe5 fxe5 18. Bd3 O-O 19. Qc2
h6 20. h3 Bd7 21. Rf1 Bg5 22. Rxf8+ Kxf8 23. Rf1+ Kg8 24. Qe2 Bxe3+ 25. Qxe3
Qh4 26. g4 Bxg4 27. Qe4 Qg3+ 28. Kh1 Qxh3+ 29. Kg1 1/2-1/2

[Event "Vellmar Int 4th op  A"]
[Site "Vellmar"]
[Date "2012.07.28"]
[Round "4.25"]
[White "Sieber, Fiona"]
[Black "Stuckenschneider, Martin"]
[Result "0-1"]
[WhiteElo "1781"]
[BlackElo "1965"]
[PlyCount "72"]
[EventDate "2012.07.26"]
[EventType "swiss"]
[EventRounds "7"]
[EventCountry "GER"]

{DWZ: 1816(geb.2000) - 1761} 1. e4 c5 2. Nf3 d6 3. d4 cxd4 4. Nxd4 Nf6 5. Nc3
a6 6. Be3 e5 7. Nb3 Be6 8. f3 Be7 9. Qd2 Nbd7 10. O-O-O b5 11. g4 h6 12. Nd5
Bxd5 13. exd5 Nb6 14. Bxb6 Qxb6 15. Qe2 O-O 16. h4 Rfc8 17. Bh3 Rc4 18. Kb1 Nh7
19. Qe1 a5 20. Bf1 Rc7 21. Bd3 a4 22. Nc1 b4 23. g5 b3 24. c4 bxa2+ 25. Kxa2
Rb7 26. Rh2 Qc5 27. gxh6 g6 28. h5 Rab8 29. hxg6 fxg6 30. Qg3 Bg5 31. Rg1 Qd4
32. Rgg2 Kh8 33. f4 Bxf4 34. Qxg6 Bxh2 35. Qxd6 Rxb2+ 36. Ka3 Qc3+ 0-1

[Event "Vellmar Int 4th op  A"]
[Site "Vellmar"]
[Date "2012.07.28"]
[Round "4.26"]
[White "Hefner, Felix"]
[Black "Fichte, Wolfgang"]
[Result "0-1"]
[WhiteElo "1847"]
[BlackElo "1958"]
[PlyCount "102"]
[EventDate "2012.07.26"]
[EventType "swiss"]
[EventRounds "7"]
[EventCountry "GER"]

{DWZ: 1740 - 1828(geb.1951)} 1. e4 e6 2. d4 b6 3. c4 d5 4. cxd5 exd5 5. exd5
Qxd5 6. Nc3 Qe6+ 7. Be2 Bb7 8. d5 Qg6 9. Bf3 Nd7 10. Bf4 Bd6 11. Bxd6 Qxd6 12.
Qe2+ Ne7 13. Nb5 Qb4+ 14. Kf1 O-O-O 15. Nxa7+ Kb8 16. Nc6+ Nxc6 17. dxc6 Rhe8
18. Qc2 Ba6+ 19. Be2 Nc5 20. Bxa6 Nxa6 21. Nf3 Qb5+ 22. Kg1 Re2 23. Qxh7 Qxb2
24. Rf1 Nb4 25. h3 Nxc6 26. Qh4 Qxa2 27. Kh2 Qe6 28. Rd1 Rd5 29. Rxd5 Qxd5 30.
Ra1 {(=)} Na5 31. Kg1 Kb7 32. Qg3 g6 33. Rc1 Re7 34. Qf4 Nb3 35. Rb1 Qd3 36.
Rf1 Qd6 37. Qa4 Nc5 38. Qa2 Qe6 39. Qd2 Qd7 40. Qc2 Qd3 41. Qa2 Qb3 42. Qd2 Ne4
43. Qd8 Qe6 44. Re1 Re8 45. Qd4 f5 46. Ng5 Qd6 47. Qg7 Re7 48. Qf8 Rd7 49. Qh6
Qd2 50. Rxe4 fxe4 51. Qxg6 Qc1+ 0-1

[Event "Vellmar Int 4th op  A"]
[Site "Vellmar"]
[Date "2012.07.28"]
[Round "4.27"]
[White "Wegelin, Reinhard"]
[Black "Schirra, Maurice"]
[Result "1/2-1/2"]
[WhiteElo "1958"]
[BlackElo "1617"]
[PlyCount "31"]
[EventDate "2012.07.26"]
[EventType "swiss"]
[EventRounds "7"]
[EventCountry "GER"]

{DWZ:  1981(SUI) - 1603(geb.2001)} 1. d4 Nf6 2. f3 g6 3. Nc3 Bg7 4. e4 d6 5.
Bd3 Nbd7 6. f4 e5 7. Nf3 exd4 8. Nxd4 O-O 9. O-O Nc5 10. Nf3 Re8 11. e5 dxe5
12. Nxe5 Nxd3 13. Qxd3 Qxd3 14. cxd3 c6 15. d4 Be6 16. Be3 1/2-1/2

[Event "Vellmar Int 4th op  A"]
[Site "Vellmar"]
[Date "2012.07.28"]
[Round "4.29"]
[White "Calci, Fiorino"]
[Black "Rueggeberg, Jan"]
[Result "0-1"]
[WhiteElo "2033"]
[BlackElo "1874"]
[PlyCount "56"]
[EventDate "2012.07.26"]
[EventType "swiss"]
[EventRounds "7"]
[EventCountry "GER"]

{DWZ: 1811 - 1791} 1. d4 Nf6 2. Nf3 e6 3. Nbd2 c5 4. e3 Nc6 5. c3 d5 6. Bd3 Qb6
7. O-O Be7 8. Qe2 O-O 9. dxc5 Qxc5 10. e4 Rd8 11. e5 Ne8 12. Nb3 Qb6 13. Be3
Qc7 14. Bf4 a6 15. Nbd4 b5 16. Rac1 Na5 17. Rfe1 Bb7 18. Bg5 h6 19. Bxh6 gxh6
20. Qe3 Bf8 21. Bb1 Bg7 22. Qd3 Qe7 23. Qh7+ Kf8 24. Nf5 exf5 25. Nd4 Rac8 26.
Nxf5 Qg5 27. e6 fxe6 28. Rxe6 Qxc1+ 0-1

[Event "Vellmar Int 4th op  A"]
[Site "Vellmar"]
[Date "2012.07.28"]
[Round "4.30"]
[White "Ziegenfuss, Holger"]
[Black "Schuhmacher, Jakob"]
[Result "1/2-1/2"]
[WhiteElo "2021"]
[BlackElo "1945"]
[PlyCount "85"]
[EventDate "2012.07.26"]
[EventType "swiss"]
[EventRounds "7"]
[EventCountry "GER"]

{DWZ: 1942 - 1984(geb.1997)} 1. c4 Nf6 2. g3 e6 3. Bg2 d5 4. Nf3 Be7 5. O-O O-O
6. b3 c5 7. e3 Nc6 8. Bb2 Qc7 9. Nc3 dxc4 10. bxc4 a6 11. Qe2 Rd8 12. d3 Bd7
13. Ne1 Rab8 14. f4 b5 15. Rd1 Be8 16. Nf3 b4 17. Ne4 Nxe4 18. dxe4 Rxd1 19.
Rxd1 Rd8 20. Rxd8 Qxd8 21. Qc2 a5 22. e5 Nb8 23. Nd2 a4 24. Kf2 a3 25. Ba1 Ba4
26. Nb3 Bxb3 27. axb3 g6 28. Ke2 f5 29. Qd3 Kg7 30. Qxd8 Bxd8 31. Bf3 Kf7 32.
Kd3 Ke7 33. Kd2 Kd7 34. Kc2 Nc6 35. Kd3 g5 36. Kc2 gxf4 37. Bxc6+ Kxc6 38. exf4
Kd7 39. Kd3 Ke8 40. Ke2 Kf7 41. Kf3 Kg6 42. Kg2 h5 43. h3 1/2-1/2

[Event "Vellmar Int 4th op  A"]
[Site "Vellmar"]
[Date "2012.07.28"]
[Round "4.31"]
[White "Kanter, Leonid"]
[Black "Knoth, Eugen"]
[Result "1/2-1/2"]
[WhiteElo "1949"]
[BlackElo "2019"]
[PlyCount "28"]
[EventDate "2012.07.26"]
[EventType "swiss"]
[EventRounds "7"]
[EventCountry "GER"]

{DWZ: 1857 - 1854} 1. d4 Nf6 2. Nf3 g6 3. g3 Bg7 4. Bg2 d5 5. O-O O-O 6. Nbd2
c6 7. Ne5 Nbd7 8. Ndf3 Nxe5 9. Nxe5 Nd7 10. Nxd7 Bxd7 11. c3 e5 12. dxe5 Bxe5
13. e4 dxe4 14. Bxe4 Bh3 1/2-1/2

[Event "Vellmar Int 4th op  A"]
[Site "Vellmar"]
[Date "2012.07.28"]
[Round "4.32"]
[White "Wuestehube, Harry"]
[Black "Krausse, Eckhard"]
[Result "0-1"]
[WhiteElo "1934"]
[BlackElo "2008"]
[PlyCount "96"]
[EventDate "2012.07.26"]
[EventType "swiss"]
[EventRounds "7"]
[EventCountry "GER"]

{DWZ: 1883 - 1961} 1. e4 c5 2. Nc3 Nc6 3. f4 e6 4. Nf3 Be7 5. Bb5 Nd4 6. Bc4 d6
7. d3 Bd7 8. Nxd4 cxd4 9. Ne2 b5 10. Bb3 Qb6 11. O-O Nf6 12. Bd2 Bc6 13. Ng3 h5
14. h3 h4 15. Nh1 g6 16. Be1 Nh5 17. Qd2 Kd7 18. Bf2 f5 19. Rae1 e5 20. fxe5
dxe5 21. Re2 Nf4 22. Ree1 g5 23. c3 Bc5 24. cxd4 Bxd4 25. Bxd4 Qxd4+ 26. Qe3
Nxd3 27. Qxd4+ exd4 28. Rd1 Bxe4 29. Nf2 Nxf2 30. Rxd4+ Kc7 31. Kxf2 Rad8 32.
Rfd1 Rxd4 33. Rxd4 Rd8 34. Rxd8 Kxd8 35. g3 Ke7 36. gxh4 gxh4 37. Bd1 Kf6 38.
Be2 Bc6 39. Bf1 Ke5 40. Ke3 b4 41. a3 a5 42. axb4 axb4 43. Kf2 Kd4 44. Ba6 Be4
45. Bb5 f4 46. Ba6 Bf5 47. Kf3 Ke5 48. Bf1 Be6 0-1

[Event "Vellmar Int 4th op  A"]
[Site "Vellmar"]
[Date "2012.07.28"]
[Round "4.34"]
[White "Lehmann, Tornalf"]
[Black "Rolf, Marco"]
[Result "0-1"]
[WhiteElo "1653"]
[BlackElo "1888"]
[PlyCount "40"]
[EventDate "2012.07.26"]
[EventType "swiss"]
[EventRounds "7"]
[EventCountry "GER"]

{DWZ: 1501 - 1794} 1. e4 e6 2. d4 d5 3. Nc3 Nf6 4. Bg5 dxe4 5. Nxe4 Be7 6. Bxf6
gxf6 7. Nf3 a6 8. Qd3 f5 9. Nc3 b5 10. a4 b4 11. Ne2 Bb7 12. O-O-O Be4 13. Qb3
Nc6 14. g3 Na5 15. Qe3 b3 16. Qc3 bxc2 17. Rd2 Qd5 18. Rxc2 Bxf3 19. Nf4 Bg5
20. Rg1 Rg8 0-1

[Event "Vellmar Int 4th op  A"]
[Site "Vellmar"]
[Date "2012.07.28"]
[Round "5.1"]
[White "Gutman, Lev"]
[Black "Markgraf, Alexander"]
[Result "1-0"]
[WhiteElo "2450"]
[BlackElo "2489"]
[PlyCount "129"]
[EventDate "2012.07.26"]
[EventType "swiss"]
[EventRounds "7"]
[EventCountry "GER"]

{DWZ: 2435(GM;geb.1945) - 2470(IM)} 1. Nf3 f5 2. g3 Nf6 3. Bg2 g6 4. c3 Nc6 5.
d4 d6 6. b4 a6 7. Bb2 e5 8. dxe5 dxe5 9. Qxd8+ Kxd8 10. O-O Bg7 11. c4 e4 12.
Ng5 Ke7 13. Nc3 Nxb4 14. a3 h6 15. Nh3 Nc6 16. Nd5+ Kf7 17. Nxc7 Ra7 18. f3 b6
19. Nd5 Nxd5 20. Bxg7 Kxg7 21. cxd5 Nd4 22. fxe4 fxe4 23. Nf4 Re8 24. Rab1 Bg4
25. Rxb6 g5 26. Ne6+ Bxe6 27. dxe6 Nxe2+ 28. Kf2 Nd4 29. Bxe4 Rxe6 30. Rxe6
Nxe6 31. Ke3 Rd7 32. Rf5 Rd6 33. Bd3 Rc6 34. a4 Nc5 35. Bc2 Ne6 36. Bd1 Rd6 37.
Bh5 Nd8 38. Ke4 Rb6 39. Rd5 Nb7 40. Rd7+ Kg8 41. Rc7 Kf8 42. Ke5 Nd8 43. Kd5
Rb2 44. h3 Rb3 45. Bg6 Rb6 46. Bd3 Rb4 47. Rc4 Rb6 48. h4 gxh4 49. gxh4 Nf7 50.
Rc8+ Kg7 51. Kc5 Re6 52. Rc7 Re5+ 53. Kb6 Re6+ 54. Ka5 Re5+ 55. Kxa6 Kf6 56.
Kb6 Nd6 57. Rh7 Rh5 58. a5 Rxh4 59. a6 Rh3 {restliche Notation nach Angaben
des Siegers} 60. Bb5 Nxb5 61. Kxb5 Kg6 62. a7 Ra3 63. Rc7 Kg5 64. Rc5+ Kg4 65.
Rc4+ 1-0

[Event "Vellmar Int 4th op  A"]
[Site "Vellmar"]
[Date "2012.07.28"]
[Round "5.2"]
[White "Schneider, Ilja"]
[Black "Rother, Moritz"]
[Result "1-0"]
[WhiteElo "2490"]
[BlackElo "2126"]
[PlyCount "31"]
[EventDate "2012.07.26"]
[EventType "swiss"]
[EventRounds "7"]
[EventCountry "GER"]

{DWZ: 2469(IM) - 2015} 1. d4 d5 2. c4 c6 3. Nf3 Nf6 4. Nc3 e6 5. e3 Nbd7 6. Qc2
Bd6 7. Bd3 O-O 8. O-O dxc4 9. Bxc4 e5 10. h3 Qe7 11. Bb3 a6 12. Bd2 c5 13. Ng5
h6 14. Nd5 Qd8 15. dxc5 Be7 16. Ba5 1-0